000 00417nam a2200169Ia 4500
008 230711s9999||||xx |||||||||||||| ||und||
020 _a978-81-265-0810-5
041 _aENG
082 _a530.15
_bBO-M
100 _aBoas, Mary L
245 0 _aMathematical methods in the physical sciences
250 _a3rd . Ed.
260 _c2017
_aNew Delhi
_bWiley & Sons
300 _a839p.
650 _aPhysics
942 _cBK
999 _c5776
_d5776